00345nam a22001217a 450000500170000002000230001703500230004003700130006310000170007624500530009326000520014630000250019820180811144345.0 a8182201004c420.00 aB-160775, B-160774 aDPLbENG aRamesh, G.S. aPhilosophy of Indian Sociology /cby G.S. Ramesh aNew DelhibGlobal Vision Publishing Housec2005 aviii, 192p.c20 cms.